Climate change and environmental degradation risk and adaption assessment / (Record no. 1260)

MARC details
000 -LEADER
fixed length control field 00562nam a22001817a 4500
005 - DATE AND TIME OF LATEST TRANSACTION
control field 20240523083453.0
008 - FIXED-LENGTH DATA ELEMENTS--GENERAL INFORMATION
fixed length control field 240523b |||||||| |||| 00| 0 eng d
040 ## - CATALOGING SOURCE
Original cataloging agency KMU
Transcribing agency KMU
Modifying agency KMU
050 ## - LIBRARY OF CONGRESS CALL NUMBER
Classification number QC 981.8.C5 Wig
100 ## - MAIN ENTRY--PERSONAL NAME
Personal name Wiggins, Mike
245 ## - TITLE STATEMENT
Title Climate change and environmental degradation risk and adaption assessment /
Statement of responsibility, etc. By Mike Wiggins
250 ## - EDITION STATEMENT
Edition statement 2nd edition
260 ## - PUBLICATION, DISTRIBUTION, ETC.
Place of publication, distribution, etc. UK :
Name of publisher, distributor, etc. Tearfund ,
Date of publication, distribution, etc. 2012.
300 ## - PHYSICAL DESCRIPTION
Extent 88 pages ;
Other physical details illus (some col.) :
Dimensions 30 cm.
500 ## - GENERAL NOTE
General note Includes a CD.
650 ## - SUBJECT ADDED ENTRY--TOPICAL TERM
Topical term or geographic name entry element Climate change
942 ## - ADDED ENTRY ELEMENTS (KOHA)
Source of classification or shelving scheme Library of Congress Classification
Koha item type Non-Fiction
Edition 2nd edition
Suppress in OPAC No
Holdings
Withdrawn status Lost status Source of classification or shelving scheme Damaged status Not for loan Collection Home library Current library Shelving location Date acquired Source of acquisition Total Checkouts Full call number Barcode Date last seen Price effective from Koha item type
    Library of Congress Classification     Non-fiction Kapasa Makasa University Kapasa Makasa University Open Access 23.05.2024 Book Aid   QC 981.8.C5 Wig 748380 23.05.2024 23.05.2024 Non-Fiction
    Library of Congress Classification     Non-fiction Kapasa Makasa University Kapasa Makasa University Open Access 23.05.2024 Book Aid   QC 981.8.C5 Wig 748381 23.05.2024 23.05.2024 Non-Fiction
    Library of Congress Classification     Non-fiction Kapasa Makasa University Kapasa Makasa University Open Access 23.05.2024 Book Aid   QC 981.8.C5 Wig 748378 23.05.2024 23.05.2024 Non-Fiction
    Library of Congress Classification     Non-fiction Kapasa Makasa University Kapasa Makasa University Open Access 23.05.2024 Book Aid   QC 981.8.C5 Wig 748379 23.05.2024 23.05.2024 Non-Fiction